Estadísticas para Municipios del estado de Nuevo León en México (Español-Spanish)

Haz click aquí para intentar la prueba.

Estadísticas generales

  • Esta prueba ha sido intentada 943 veces
    (527 desde el último reinicio)
  • La puntuación promedio es 32 de 51

Estadísticas de respuestas

HintRespuesta% Correcto
39Monterrey
97%
47San Pedro Garza García
90%
46San Nicolás de los Garza
89%
20General Escobedo
88%
25Guadalupe
86%
6Apodaca
85%
48Santa Catarina
83%
18García
79%
33Linares
79%
49Santiago
79%
13China
77%
38Montemorelos
75%
4Allende
74%
31Benito Juárez
74%
9Cadereyta Jiménez
68%
14Doctor Arroyo
66%
17Galeana
66%
5Anáhuac
65%
15Doctor Coss
65%
21General Terán
63%
1Abasolo
62%
41Pesquería
62%
24General Zuazua
61%
42Ramones Los
61%
37Mina
60%
8Bustamante
58%
27Hidalgo
58%
29Hualahuises
58%
7Aramberri
57%
32Lampazos de Naranjo
57%
12Ciénega de Flores
55%
44Sabinas Hidalgo
55%
16Doctor González
54%
19General Bravo
54%
23General Zaragoza
54%
45Salinas Victoria
54%
2Agualeguas
53%
10Carmen El
53%
36Mier y Noriega
52%
3Aldamas Los
51%
30Iturbide
51%
11Cerralvo
50%
43Rayones
49%
34Marín
47%
51Villaldama
46%
28Higueras
45%
50Vallecillo
45%
40Parás
43%
26Herreras Los
42%
22General Treviño
40%
35Melchor Ocampo
38%

Distribución de puntuación

Porcentaje por número respondido

Porcentaje de gente con cada puntuación

Historial de tus puntuaciones

No has intentado esta prueba desde el último reinicio